|
|
|
|
| LEADER |
00000nam a2200000 a 4500 |
| 001 |
vtls010315959 |
| 003 |
SK-MaSNL |
| 005 |
20260301032104.0 |
| 008 |
130117s2011 xo f u 000 0 slo |
| 015 |
|
|
|a SNBN2013
|
| 020 |
|
|
|c (cen. skup. 03)
|
| 040 |
|
|
|a SNK
|b slo
|c SNK
|e AACR2
|
| 041 |
0 |
|
|a slo
|
| 044 |
|
|
|a xo
|c SK
|
| 046 |
|
|
|a s
|m 201110 (účin.)
|
| 072 |
|
7 |
|a 685
|x Spracovanie kože. Obuvníctvo
|2 konspekt
|
| 080 |
|
|
|a 685.34
|2 2001
|
| 080 |
|
|
|a 006.7/.8
|2 2001
|
| 080 |
|
|
|a (437.6)
|2 2001
|
| 080 |
|
|
|a (4)
|2 2001
|
| 080 |
|
|
|a 620.2
|2 2001
|
| 084 |
|
|
|a 59.140
|2 ICS
|
| 084 |
|
|
|a 61.060
|2 ICS
|
| 245 |
0 |
0 |
|a STN 79 0055/Z2: 2011, Obuvnícke a kožiarske výrobky. Limitné koncentrácie škodlivých látok. Technické požiadavky a skúšobné metódy. Zmena 2
|c spracovateľ SÚTN
|
| 246 |
1 |
0 |
|a Obuvnícke a kožiarske výrobky
|
| 246 |
1 |
0 |
|a Limitné koncentrácie škodlivých látok
|
| 246 |
1 |
0 |
|a Technické požiadavky a skúšobné metódy
|
| 260 |
|
|
|a Bratislava
|b Slovenský ústav technickej normalizácie
|c 2011
|
| 300 |
|
|
|a 2 s.
|c 30 cm
|
| 540 |
|
|
|a STN vydané na akomkoľvek nosiči sa môžu rozmnožovať a rozširovať iba so súhlasom určenej právnickej osoby
|b SÚTN Bratislava
|c zákon 264/1999 Z.z.
|
| 650 |
0 |
7 |
|a obuvnícky priemysel
|2 SNKPH
|9 64041
|
| 650 |
0 |
7 |
|a obuvnícke materiály
|2 SNKPH
|9 166730
|
| 650 |
0 |
7 |
|a footwear industry
|2 SNKPHeng
|9 328765
|
| 650 |
0 |
7 |
|a technické normy a štandardy
|z Slovensko
|2 SNKPH
|9 79594
|
| 650 |
0 |
7 |
|a technické normy a štandardy
|z krajiny Európskej únie
|2 SNKPH
|9 289341
|
| 650 |
0 |
7 |
|a náuka o materiáli
|2 SNKPH
|9 3657
|
| 655 |
|
7 |
|a normy
|2 SNKPH
|9 70643
|
| 710 |
2 |
|
|a Slovenský ústav technickej normalizácie
|4 stn
|9 32706
|
| 852 |
|
|
|a Štátna vedecká knižnica v Banskej Bystrici
|
| 999 |
|
|
|c 577809
|d 579739
|
| 952 |
|
|
|a SNK
|b SNK
|y PREZ
|7 0
|p 17A0754748
|o snkSTN 79 0055/Z2
|i snk2011/21761
|8 0
|0 0
|1 0
|4 0
|d 2011-10-26
|l 0
|r 2026-02-23 14:39:16
|w 2026-02-23
|
| 952 |
|
|
|a SNK
|b SNK
|y PREZ
|7 0
|p 17A0754749
|o snkSTN 79 0055/Z2 D1
|i snk2011/21762
|8 0
|0 0
|1 0
|4 0
|d 2011-10-26
|l 0
|r 2026-02-23 14:39:16
|w 2026-02-23
|